000 00611nam a22001817a 4500
003 JO-AjAnu
005 20241022091004.0
008 241019b jo ||||| |||| 00| 0 ara d
020 _a6-191-20-9923-978
040 _cJO-AjAnu
041 _aARA
100 1 _aنوير، كاظم
_966331
_eمؤلف
245 _aالذاتي في الفن الحديث /
_cكاظم نوير
260 _aعمان :
_bالدار المنهجية للنشر والتوزيع،
_c2023
300 _a400 صفحة
650 7 0 _aالرسم - الذاتي- فلسفة الفن- الفن الحديث
_966333
942 _2lcc
_cBK
_n0
999 _c33765
_d33765